000 01248nam a2200277Ia 4500
999 _c53974
_d53974
001 21025
003 GE_BSU
005 20210708173821.0
008 181216s1999||||ge |||||||||||||| ||geo||
020 _aISBN : 99928-77-35-9
040 _cGE_BSU
041 _ageo
080 _a070.41 ნ-15
100 _aნადარეიშვილი, მაია
_912218
245 _aსათაურის მრავალსახეობა ამერიკულ პრესაში /
_cმაია ნადარეიშვილი ; რედ. ნოდარ ტაბიძე.
264 _aთბილისი :
_bუნვერსიტეტის გამ-ბა,
_c1999.
300 _a119 გვ. ;
_c20 სმ.
504 _aბიბლიოგრაფია გვ. : 115-117
541 _h5ლ.
653 _aჟურნალისტიკა
653 _aჟურნალისტიკა აშშ-ში
653 _aსათაური გაზეთში
653 _aსათაურის მრავალსახეობა ამერიკულ პრესაში
700 _aტაბიძე, ნოდარ
_eრედაქტორი
_9297
942 _cBK
_2udc